• 首页
  • 本馆介绍
  • 公告通知
  • 最新文献
  • 馆藏检索
  • 电子资源
  • 读者导购
  • 参考咨询
  • 我的图书馆
  • 登录
  • 详细信息显示
  • 放入我的书架
  • 预约/预借图书
  • 作者相关作品
  • 分类相关作品
  • 丛书相关作品
  • 出版社相关作品

书目信息

  • 表格格式
  • 工作单格式
  • 卡片格式
题名:
高炉治练操作与控制
    
 
作者: 候向东
分册:  
出版信息: 北京   冶金工业出版社  2016.01
页数: 416页
开本: 26cm
丛书名:
单 册:
中图分类: TF53
科图分类:
主题词: 高炉炼铁--过程
电子资源:
ISBN: 978-7-5024-5820-1
000 00632nam0 2200217 450
001 869
005 20160912083706.28
010    @a978-7-5024-5820-1@b平装@dCNY49.00
100    @a20160724d2016 km y0chiy0120 ea
101 0  @achi
102    @aCN@b110000
200 1  @a高炉治练操作与控制@Agao lu zhi lian cao zuo yu kong zhi@e'@f候向东@Fhou xiang dong
210    @a北京@c冶金工业出版社@d2016.01
215    @a416页@d26cm
330    @a高炉炼铁·高等职业教育·教材
517 1  @a'
606 0  @a高炉炼铁@x过程
690    @aTF53@v4
701  0 @a候向东@Ahou xiang dong
801  0 @aCN@b唐山师范学院图书馆@c20160724
905    @aZUCC@dTF53@e35
    
    高炉治练操作与控制:'/候向东.-北京:冶金工业出版社,2016.01
    416页;26cm
    
    
    ISBN 978-7-5024-5820-1(平装):CNY49.00
    高炉炼铁·高等职业教育·教材
●
相关链接 在E读中查询图书 在五车中查询图书 在当当中查询图书 在豆瓣中查询图书


正题名:高炉治练操作与控制     索取号:TF53/35         预约/预借

序号 登录号 条形码 馆藏地/架位号 状态 备注
1 903788   209037889   第二样本阅览室/ [索取号:TF53/35] 在馆    
2 903789   209037898   第三借阅区/ [索取号:TF53/35] 在馆    
3 903790   209037905   第三借阅区/ [索取号:TF53/35] 在馆    
4 903791   209037914   第三借阅区/ [索取号:TF53/35] 在馆    
5 903792   209037923   第三借阅区/ [索取号:TF53/35] 在馆    
唐山师范学院图书馆 欢迎您!
大连网信软件有限公司© 版权所有